Strategie rozmisťování a intenzifikace

Saved in:
Bibliographic Details
Main Author: Tomášek, Petr
Format: Book
Language:Czech
Published: Ostrava Výzkumný ústav rozvoje obl. a měst 1986
Edition:1. vyd.
Tags: Add Tag
No Tags, Be the first to tag this record!

MARC

LEADER 00000nam a2200000 4500
001 c034268
005 20221220072932.4
041 0 |a cze 
044 |a CZ 
245 1 0 |a Strategie rozmisťování a intenzifikace  |c Petr Tomášek 
250 |a 1. vyd. 
264 1 |a Ostrava  |b Výzkumný ústav rozvoje obl. a měst  |c 1986 
300 |a 177 s. 
100 1 |a Tomášek, Petr